Palmarès des joueurs de l'équipe de France - Statistiques

Statistiques générales
  • Ce quiz a été pris 138 fois
  • Le résultat moyen est 16 sur 29
Statistiques - réponses
Joueurs ayant gagné le trophée Trophée Total % Correct
Alphonse Areola, Benjamin Pavard,N'Golo Kanté, Antoine Griezmann, Kylian Mbappé, Olivier Giroud, Ousmane Dembélé Coupe du monde 7
98%
Mike Maignan, Alphonse Areola,Warren Zaïre-Emery, Adrien Rabiot, Bradley Barcola, Kylian Mbappé, Olivier Giroud, Kingsley Coman, Ousmane Dembélé Ligue 1 26
92%
Alphonse Areola, Ferland Mendy, Jules Koundé, Eduardo Camavinga, Aurélien Tchouaméni, Ousmane Dembélé LaLiga 11
89%
Mike Maignan, Théo Hernandez,Benjamin Pavard, Adrien Rabiot, Marcus Thuram, Olivier Giroud, Kingsley Coman Serie A 8
87%
Théo Hernandez, Benjamin Pavard,Ferland Mendy, N'Golo Kanté, Eduardo Camavinga, Aurélien Tchouaméni, Olivier Giroud, Kingsley Coman Ligue des Champions 10
86%
Dayot Upamecano, Benjamin Pavard, Kingsley Coman Bundesliga 14
85%
Warren Zaïre-Emery, Adrien Rabiot,Eduardo Camavinga, Bradley Barcola, Kylian Mbappé, Randal Kolo Muani, Ousmane Dembélé Coupe de France 12
85%
N'Golo Kanté Premier League 2
77%
Mike Maignan, Dayot Upamecano,Théo Hernandez, Benjamin Pavard, Jules Koundé, Adrien Rabiot, Antoine Griezmann, Aurélien Tchouaméni, Kylian Mbappé Ligue des nations 9
76%
Benjamin Pavard, Kingsley Coman,Ousmane Dembélé Coupe d'Allemagne 5
65%
Jules Koundé, N'Golo Kanté,Antoine Griezmann, Olivier Giroud Europa League 4
64%
Ibrahima Konaté, N'Golo Kanté,Olivier Giroud Coupe d'Angleterre 6
63%
Youssouf Fofana, Adrien Rabiot,Kylian Mbappé Coupe de la Ligue 7
63%
Ferland Mendy, Antoine Griezmann,Eduardo Camavinga, Aurélien Tchouaméni, Ousmane Dembélé Coupe d'Espagne 6
61%
Adrien Rabiot, Kingsley Coman Coupe d'Italie 3
57%
Brice Samba, Ligue 2 1
51%
Warren Zaïre-Emery, Adrien Rabiot,Bradley Barcola, Kylian Mbappé, Kingsley Coman, Ousmane Dembélé Trophée des champions 11
51%
Théo Hernandez, Ferland Mendy,Jules Koundé, Antoine Griezmann, Eduardo Camavinga, Aurélien Tchouaméni, Ousmane Dembélé Supercoupe d'Espagne 11
41%
Théo Hernandez, Benjamin Pavard, Ferland Mendy, N'Golo Kanté, Antoine Griezmann, Eduardo Camavinga, Aurélien Tchouaméni, Kingsley Coman Supercoupe de l'UEFA 8
38%
Alphonse Areola Conférence League 1
37%
Théo Hernandez, Benjamin Pavard,Ferland Mendy, N'Golo Kanté, Eduardo Camavinga, Aurélien Tchouaméni, Kingsley Coman Coupe du monde des clubs 7
35%
Ibrahima Konaté EFL Cup 2
32%
Benjamin Pavard, Adrien Rabiot,Marcus Thuram, Kingsley Coman Supercoupe d'Italie 4
32%
Dayot Upamecano, Benjamin Pavard,Kingsley Coman Supercoupe d'Allemagne 10
30%
Ibrahima Konaté, William Saliba,Olivier Giroud Community Shield 6
29%
Jonathan Clauss, Benjamin Pavard Bundesliga 2 2
15%
Antoine Griezmann LaLiga 2 1
13%
Dayot Upamecano Coupe d'Autriche 2
10%
Dayot Upamecano Championnat d'Autriche 2
9%
Aucun quiz correspondant
Distribution des résultats
% des personnes avec chaque résultat
Percentile par nombre de réponses
Votre historique - résultats
Vous n’avez pas pris ce quiz